LEADER 01647nam a2200349 i 4500 001 991003209659707536 005 20021205143811.0 008 020222s2001 it ||| | ita 020 $a8842497495 035 $ab11771203-39ule_inst 035 $aPARLA221933$9ExL 040 $aDip.to Filosofia$bita 082 04$a398.203 100 1 $aDekker, Ton$0145648 245 10$aDizionario delle fiabe e delle favole :$borigini, sviluppo, variazioni /$cTon Dekker, Jurjen van der Kooi, Theo Meder ; edizione italiana a cura di Fernando Tempesti 260 $aMilano :$bB. Mondadori,$cc2001 300 $aLI, 523 p. :$bill. ;$c20 cm. 490 0 $aDizionari 650 4$aFavole$vEniclopedie e dizionari 650 4$aLetteratura popolare$vEnciclopedie e dizionari 700 1 $aMeder, Theo 700 1 $aTempesti, Fernando 700 1 $aKooi, Jurjen :$cvan der $eauthor$4http://id.loc.gov/vocabulary/relators/aut$0145649 907 $a.b11771203$b27-04-17$c09-12-02 912 $a991003209659707536 945 $aLE019 A31 ANT B 12$g1$i2019000016957$lle019$o-$pE14.00$q-$rl$s- $t0$u2$v1$w2$x0$y.i14370761$z15-02-07 945 $aLE008 LLI O VII 53$g1$i2008000046071$lle008$nCasale$o-$pE0.00$q-$rn$so $t0$u3$v0$w3$x0$y.i1352267x$z07-05-04 945 $aLE005 302 DIZ01. 03$g1$i2005000126581$lle005$o-$pE0.00$q-$rn$so $t0$u4$v1$w4$x0$y.i12017425$z09-12-02 945 $aLE021 DI23A90$g1$i2021000135934$lle021$nMazzella$o-$pE0.00$q-$rl$s- $t0$u4$v0$w4$x0$y.i1383826x$z13-09-04 996 $aDizionario delle fiabe e delle favole$91454148 997 $aUNISALENTO 998 $ale019$ale008$ale005$ale021$b01-01-02$cm$da $e-$fita$git $h0$i4 LEADER 00994nam a2200241 i 4500 001 991001351709707536 008 051128s1995 enk 001 0 eng d 020 $a0199284016 035 $ab1335940x-39ule_inst 040 $aDip.to Studi Giuridici$bita 082 0 $a355.0330047 110 2 $aStockholm International Peace Research Institute$0278801 245 10$aSIPRI yearbook 2005 :$barmaments, disarmament and international security /$cStockholm International Peace Research Institute. 246 10$aArmaments, disarmament and international security 260 $aOxford :$bOxford University Press,$c2005 300 $axxxiv, 853 p. ;$c24 cm 650 $aArmamenti$xDisarmo 907 $a.b1335940x$b21-04-17$c28-11-05 912 $a991001351709707536 945 $aLE027 355.03 SIP01.05$g1$i2027000112081$lle027$o-$pE130.00$q-$rl$s- $t0$u0$v0$w0$x0$y.i14159181$z28-11-05 996 $aSIPRI Yearbook 2005$91093877 997 $aUNISALENTO 998 $ale027$b28-11-05$cm$da $e-$feng$genk$h0$i0